00466nam a22001337a 4500003000400000005001700004008004100021050002700062082002200089100001700111245010400128260007100232300002900303OSt20160531132006.0131001t xxu||||| |||| 00| 0 eng d aDS 686.614b.R175 2010 aGLT 320bR14 2010 aRamos, Fidel aUnsolicited advice :bvol.13 of the collection of speeches, essays and anecdotes /cFidel V. Ramos. aPhilippines : bThe Ramos Peace and Development Foundation, c2010 a258 p. :bill. ;c25 cm.